Indirect taxes: (Record no. 209506)
[ view plain ]
| 000 -LEADER | |
|---|---|
| fixed length control field | 00834nam a2200253Ia 4500 |
| 005 - DATE AND TIME OF LATEST TRANSACTION | |
| control field | 20220310162357.0 |
| 008 - FIXED-LENGTH DATA ELEMENTS--GENERAL INFORMATION | |
| fixed length control field | 210716s2014 xx 000 0 und d |
| 020 ## - INTERNATIONAL STANDARD BOOK NUMBER | |
| International Standard Book Number | 9789350717950 |
| 040 ## - CATALOGING SOURCE | |
| Transcribing agency | AIMIT LIBRARY |
| 041 ## - LANGUAGE CODE | |
| Language code of text/sound track or separate title | eng |
| 082 ## - DEWEY DECIMAL CLASSIFICATION NUMBER | |
| Classification number | 336.294 |
| Edition number | 26 |
| Item number | DATV |
| 100 ## - MAIN ENTRY--PERSONAL NAME | |
| Personal name | Datey, V.S. |
| 9 (RLIN) | 23312 |
| 245 ## - TITLE STATEMENT | |
| Title | Indirect taxes: |
| Remainder of title | Law and practice / |
| Statement of responsibility, etc. | By V.S. Datey |
| 250 ## - EDITION STATEMENT | |
| Edition statement | 36th ed. |
| 260 ## - PUBLICATION, DISTRIBUTION, ETC. | |
| Place of publication, distribution, etc. | New Delhi : |
| Name of publisher, distributor, etc. | Taxmann Publications Pvt Ltd , |
| Date of publication, distribution, etc. | 2016. |
| 300 ## - PHYSICAL DESCRIPTION | |
| Extent | vi,414p. ; |
| -- | vi,490p. ; |
| Dimensions | 27.3 cm |
| 440 ## - SERIES STATEMENT/ADDED ENTRY--TITLE | |
| Volume/sequential designation | P1 |
| Title | Service Tax. |
| 9 (RLIN) | 23314 |
| 440 ## - SERIES STATEMENT/ADDED ENTRY--TITLE | |
| Volume/sequential designation | P2 |
| Title | Central Excise/Customs/FTP/CST/VAT/International Taxation. |
| 9 (RLIN) | 23315 |
| 650 ## - SUBJECT ADDED ENTRY--TOPICAL TERM | |
| Topical term or geographic name entry element | Indirect taxes. |
| 9 (RLIN) | 23313 |
| 650 ## - SUBJECT ADDED ENTRY--TOPICAL TERM | |
| Topical term or geographic name entry element | Service Tax. |
| 9 (RLIN) | 23316 |
| 650 ## - SUBJECT ADDED ENTRY--TOPICAL TERM | |
| Topical term or geographic name entry element | Point of Taxation. |
| 9 (RLIN) | 23317 |
| 650 ## - SUBJECT ADDED ENTRY--TOPICAL TERM | |
| Topical term or geographic name entry element | Banking Financial Services. |
| 9 (RLIN) | 23318 |
| 942 ## - ADDED ENTRY ELEMENTS (KOHA) | |
| Source of classification or shelving scheme | Dewey Decimal Classification |
| Koha item type | Book |
| Edition | 36th |
| Call number prefix | 336.294 DATV |
| Withdrawn status | Lost status | Source of classification or shelving scheme | Damaged status | Not for loan | Collection code | Home library | Current library | Date acquired | Cost, normal purchase price | Inventory number | Total Checkouts | Full call number | Barcode | Date last seen | Cost, replacement price | Price effective from | Koha item type |
|---|---|---|---|---|---|---|---|---|---|---|---|---|---|---|---|---|---|
| Dewey Decimal Classification | MBA | St Aloysius Institute of Management & Information Technology | St Aloysius Institute of Management & Information Technology | 01/06/2016 | 448.00 | Bill no:39899; Bill dt:2016-01-0 | 336.294 DATV | MBA12072 | 05/23/2026 | 380.80 | 07/16/2021 | Book | |||||
| Dewey Decimal Classification | MBA | St Aloysius Institute of Management & Information Technology | St Aloysius Institute of Management & Information Technology | 01/06/2016 | 447.50 | Bill no:39899; Bill dt:2016-01-0 | 336.294 DATV | MBA12073 | 05/23/2026 | 380.38 | 07/16/2021 | Book | |||||
| Dewey Decimal Classification | MBA | St Aloysius Institute of Management & Information Technology | St Aloysius Institute of Management & Information Technology | 03/04/2016 | 447.50 | Bill no:35477; Bill dt:2016-03-0 | 336.294 DATV | MBA12280 | 05/23/2026 | 380.38 | 07/16/2021 | Book | |||||
| Dewey Decimal Classification | MBA | St Aloysius Institute of Management & Information Technology | St Aloysius Institute of Management & Information Technology | 03/04/2016 | 447.50 | Bill no:35477; Bill dt:2016-03-0 | 336.294 DATV | MBA12281 | 05/23/2026 | 380.38 | 07/16/2021 | Book |